LEADER 02801nam 2200577 450 001 9910464711503321 005 20211008020220.0 010 $a0-520-95793-8 024 7 $a10.1525/9780520957930 035 $a(CKB)3710000000092359 035 $a(EBL)1647465 035 $a(MiAaPQ)EBC1647465 035 $a(DE-B1597)518728 035 $a(OCoLC)872647866 035 $a(DE-B1597)9780520957930 035 $a(Au-PeEL)EBL1647465 035 $a(CaPaEBR)ebr10843914 035 $a(CaONFJC)MIL579741 035 $a(EXLCZ)993710000000092359 100 $a20140315h20142014 uy 0 101 0 $aeng 135 $aurnn#---|u||u 181 $2rdacontent 182 $2rdamedia 183 $2rdacarrier 200 10$aCrimes against nature $esquatters, poachers, thieves, and the hidden history of American conservation /$fKarl Jacoby 210 1$aBerkeley, California :$cUniversity of California Press,$d2014. 210 4$dİ2014 215 $a1 online resource (348 p.) 300 $a"With a New Afterword." 300 $aFirst paperback printing 2003"--T. p. verso. 311 0 $a0-520-28229-9 320 $aIncludes bibliographical references and index. 327 $tFront matter --$tContents --$tList of Illustrations --$tList of Tables --$tPreface --$tIntroduction: The Hidden History of American Conservation --$tPART I. FOREST: THE ADIRONDACKS --$tPART II. MOUNTAIN: YELLOWSTONE --$tPART III. DESERT: THE GRAND CANYON --$tEpilogue: Landscapes of Memory and Myth --$tAfterword --$tChronology of American Conservation --$tNotes --$tBibliography --$tIndex 330 $aCrimes against Nature reveals the hidden history behind three of the nation's first parklands: the Adirondacks, Yellowstone, and the Grand Canyon. Focusing on conservation's impact on local inhabitants, Karl Jacoby traces the effect of criminalizing such traditional practices as hunting, fishing, foraging, and timber cutting in the newly created parks. Jacoby reassesses the nature of these "crimes" and provides a rich portrait of rural people and their relationship with the natural world in the late nineteenth and early twentieth centuries. 606 $aNational parks and reserves$xSocial aspects$zUnited States 606 $aNature conservation$xSocial aspects$zUnited States 606 $aNational parks and reserves$zUnited States$xHistory 608 $aElectronic books. 615 0$aNational parks and reserves$xSocial aspects 615 0$aNature conservation$xSocial aspects 615 0$aNational parks and reserves$xHistory. 676 $a333.78/0973 700 $aJacoby$b Karl$0161799 801 0$bMiAaPQ 801 1$bMiAaPQ 801 2$bMiAaPQ 906 $aBOOK 912 $a9910464711503321 996 $aCrimes against nature$92471804 997 $aUNINA LEADER 02580nam 2200505Ia 450 001 9910541423403321 005 20191030193358.0 010 $a1-281-33115-5 010 $a9786611331153 010 $a0-335-23515-8 035 $a(CKB)1000000000402657 035 $a(EBL)332718 035 $a(OCoLC)437200516 035 $a(MiAaPQ)EBC332718 035 $a(Au-PeEL)EBL332718 035 $a(CaPaEBR)ebr10229824 035 $a(CaONFJC)MIL133115 035 $a(EXLCZ)991000000000402657 100 $a20070820d2008 uy 0 101 0 $aeng 135 $aur|n|---||||| 200 10$aSurviving your placement in health and social care$b[electronic resource] $ea student handbook /$fJoan Healey and Margaret Spencer 210 $aMaidenhead, England ;$aNew York $cMcGraw Hill/Open University Press$d2008 215 $a1 online resource (178 p.) 300 $aDescription based upon print version of record. 311 $a0-335-22259-5 320 $aIncludes bibliographical references and index. 327 $aFront cover; Half title page; Title page; Copyright page; Content page; Dedication and acknowledgements; Chapter 1 Using this book; Chapter 2 Preparing yourself for the placement experience; Chapter 3 Reflective practice; Chapter 4 Writing learning objectives; Chapter 5 Assessment; Chapter 6 Complex decision-making and professional reasoning; Chapter 7 Balance and time management; Chapter 8 Supervision; Chapter 9 The personal and professional development process; Chapter 10 Interprofessional perspectives on placements; Chapter 11 Evidence-based practice; Chapter 12 Failure 327 $aChapter 13 Not quite the end...Index; Back cover 330 $aCovers the main areas of placement learning, including: developing a learning contract; reflective practice; using supervision; managing time; evidence-based practice; capturing your learning in a personal and professional portfolio; and, failing placements. This book provides ideas and tools to use on your placement, and various case studies. 606 $aMedical personnel$xIn-service training 606 $aCollege placement services 608 $aElectronic books. 615 0$aMedical personnel$xIn-service training. 615 0$aCollege placement services. 676 $a610.7155 700 $aHealey$b Joan$01137535 701 $aSpencer$b Margaret$01137536 801 0$bMiAaPQ 801 1$bMiAaPQ 801 2$bMiAaPQ 906 $aBOOK 912 $a9910541423403321 996 $aSurviving your placement in health and social care$92673824 997 $aUNINA